Manažerské účetnictví a controlling jsou rozdílné pojmy?

Vzájomný vzťah pojmov kontroling a manažérske účtovníctvo. Vývoj týchto pojmov v USA, anglosaských krajinách, nemecky hovoriacich krajinách. Rozdiel medzi týmito pojmami predstavuje teritoriálna obľuba toho ktorého pojmu.

Na minha lista:
Detalhes bibliográficos
Autor principal: Šiška, Ladislav
Formato: Capítulo de Livro
Idioma:tcheco
Assuntos:
Tags: Adicionar Tag
Sem tags, seja o primeiro a adicionar uma tag!

MARC

LEADER 00000naa$a2200000$$$4500
001 0039749
005 20230925085602.4
041 0 |a cze 
044 |a CZ 
245 1 0 |a Manažerské účetnictví a controlling jsou rozdílné pojmy?  |c Ladislav Šiška 
520 |a Vzájomný vzťah pojmov kontroling a manažérske účtovníctvo. Vývoj týchto pojmov v USA, anglosaských krajinách, nemecky hovoriacich krajinách. Rozdiel medzi týmito pojmami predstavuje teritoriálna obľuba toho ktorého pojmu. 
610 2 0 |a účtovníctvo manažérske 
610 2 0 |a kontroling 
610 2 0 |a pojmy 
610 2 0 |a história 
610 2 0 |a USA 
610 2 0 |a Veľká Británia 
610 2 0 |a Nemecko 
100 1 |a Šiška, Ladislav